Splunk operational intelligence cookbook : (Record no. 196755)

MARC details
000 -LEADER
fixed length control field 00948nam a2200253Ia 4500
003 - CONTROL NUMBER IDENTIFIER
control field OSt
005 - DATE AND TIME OF LATEST TRANSACTION
control field 20251028143511.0
008 - FIXED-LENGTH DATA ELEMENTS--GENERAL INFORMATION
fixed length control field 210716s2016 xx 000 0 und d
020 ## - INTERNATIONAL STANDARD BOOK NUMBER
International Standard Book Number 9781785284991
040 ## - CATALOGING SOURCE
Transcribing agency AIMIT LIBRARY
041 ## - LANGUAGE CODE
Language code of text/sound track or separate title eng
082 ## - DEWEY DECIMAL CLASSIFICATION NUMBER
Classification number 005.7689
Edition number 2
Item number DIAJ
100 ## - MAIN ENTRY--PERSONAL NAME
Personal name Diakun, Josh.
9 (RLIN) 243003
245 ## - TITLE STATEMENT
Title Splunk operational intelligence cookbook :
Remainder of title over 70 practical recipes to gain operational data intelligence with splunk enterprise /
Statement of responsibility, etc. By Josh Diakun, Paul R Johnson and Derek Mock.
250 ## - EDITION STATEMENT
Edition statement 2nd ed.
260 ## - PUBLICATION, DISTRIBUTION, ETC.
Place of publication, distribution, etc. Mumbai :
Name of publisher, distributor, etc. Packt Publishing Ltd ,
Date of publication, distribution, etc. 2016.
300 ## - PHYSICAL DESCRIPTION
Extent xi,415p. ;
Other physical details PB
Dimensions 24 cm
650 ## - SUBJECT ADDED ENTRY--TOPICAL TERM
Topical term or geographic name entry element Dashboards and visualizations- making data shine
9 (RLIN) 243004
650 ## - SUBJECT ADDED ENTRY--TOPICAL TERM
Topical term or geographic name entry element Building an operational intelligence application
9 (RLIN) 243005
650 ## - SUBJECT ADDED ENTRY--TOPICAL TERM
Topical term or geographic name entry element Being proactive- creating alerts
9 (RLIN) 243006
700 ## - ADDED ENTRY--PERSONAL NAME
Personal name Johnson, Paul R.
9 (RLIN) 243007
700 ## - ADDED ENTRY--PERSONAL NAME
Personal name Mock, Derek.
9 (RLIN) 243008
942 ## - ADDED ENTRY ELEMENTS (KOHA)
Source of classification or shelving scheme Dewey Decimal Classification
Koha item type Book
Edition 2nd
Call number prefix 005.7689 DIAJ
Holdings
Withdrawn status Lost status Source of classification or shelving scheme Damaged status Not for loan Collection code Home library Current library Source of acquisition Cost, normal purchase price Inventory number Total Checkouts Full call number Barcode Date last seen Cost, replacement price Price effective from Koha item type
    Dewey Decimal Classification     MCA St Aloysius Institute of Management & Information Technology St Aloysius Institute of Management & Information Technology Knowledge World 1199.00 Bill no:602; Bill dt:2019-01-24   005.7689 DIAJ MCA16270 05/23/2026 899.25 07/16/2021 Book